Luyện giải trắc nghiệm vật lí 10
Sách cung cấp một số lượng thật dồi dào các câu hỏi trắc nghiệm tổng hợp giúp học sinh ôn tập sau mỗi chương, mỗi phần, mỗi học kì hay cả năm.
Gardado en:
| Autor Principal: | |
|---|---|
| Formato: | Libro |
| Idioma: | Undetermined |
| Publicado: |
Hà Nội
Giáo dục Việt Nam
2009
|
| Những chủ đề: | |
| Các nhãn: |
Engadir etiqueta
Sen Etiquetas, Sexa o primeiro en etiquetar este rexistro!
|
| Thư viện lưu trữ: | Trung tâm Học liệu Trường Đại học Cần Thơ |
|---|
| LEADER | 00920nam a2200217Ia 4500 | ||
|---|---|---|---|
| 001 | CTU_185227 | ||
| 008 | 210402s9999 xx 000 0 und d | ||
| 020 | |c 25000 | ||
| 082 | |a 530.0712 | ||
| 082 | |b H121/T.2 | ||
| 100 | |a Bùi, Quang Hân | ||
| 245 | 0 | |a Luyện giải trắc nghiệm vật lí 10 | |
| 245 | 0 | |c Bùi Quang Hân, Nguyễn Duy Hiền, Nguyễn Tuyến | |
| 260 | |a Hà Nội | ||
| 260 | |b Giáo dục Việt Nam | ||
| 260 | |c 2009 | ||
| 520 | |a Sách cung cấp một số lượng thật dồi dào các câu hỏi trắc nghiệm tổng hợp giúp học sinh ôn tập sau mỗi chương, mỗi phần, mỗi học kì hay cả năm. | ||
| 650 | |a Physics,Vật lý | ||
| 650 | |x Study and teaching (Secondary),Dạy và học (trung học) | ||
| 904 | |i Hải | ||
| 980 | |a Trung tâm Học liệu Trường Đại học Cần Thơ | ||